[Event "FIDE World Uni Blitz-A 1st"]
[Site "Tornelo INT"]
[Date "2021.03.13"]
[Round "2.11"]
[White "Grataloup, Quentin"]
[Black "Hilby, Craig"]
[Result "0-1"]
[WhiteElo "1933"]
[BlackElo "2454"]
[PlyCount "90"]
[EventDate "2021.03.13"]
[EventType "swiss (blitz)"]
[EventRounds "10"]
[EventCountry "NET"]
[SourceTitle "EXT 2022"]
[Source "ChessBase"]
[SourceDate "2021.10.06"]
[SourceVersion "1"]
[SourceVersionDate "2021.10.06"]
[SourceQuality "1"]

1. e4 c5 2. Nc3 Nc6 3. Bb5 Nd4 4. Bc4 e6 5. Nf3 a6 6. Nxd4 cxd4 7. Ne2 Bc5 8. d3 Ne7 9. 0-0 d5 10. exd5 Nxd5 11. Nf4 Nxf4 12. Bxf4 0-0 13. a4 b6 14. Qf3 Ra7 15. Qg3 Kh8 16. Rfe1 Re7 17. c3 a5 18. Rab1 dxc3 19. bxc3 Bb7 20. d4 Ba3 21. Rb3 Qc8 22. Bd3 e5 23. Rxa3 exf4 24. Rxe7 fxg3 25. hxg3 Bd5 26. Re3 Re8 27. Rxe8+ Qxe8 28. c4 Bc6 29. Bc2 Qe1+ 30. Kh2 Qxf2 31. d5 Qxc2 32. dxc6 Qxc4 33. Re3 g6 34. Re8+ Kg7 35. Rc8 h5 36. c7 Qc6 37. Kg1 Qd7 38. Rd8 Qxc7 39. Rd1 Qc5+ 40. Kh2 Qc4 41. Ra1 h4 42. Ra3 g5 43. gxh4 Qxh4+ 44. Rh3 Qxa4 45. Kg3 Qf4# 0-1